000 00556nam a22002057a 4500
003 KOHA_MİRAKIL
005 20260406084329.0
008 260406b tu ||||| |||| 00| 0 tur d
020 _a975534084
040 _aTR-AnABB
_btur
_cTR-AnABB
041 _atur
082 _a818.4207
_bOZE 2005
100 1 _aÖzer, Ahmet
245 1 0 _aBir düşün ardından /
_cAhmet Özer
260 _aAnkara :
_bDamar yayınları,
_c2005
300 _a224 sayfa ;
_c20 cm
500 _ayazar imzalı
650 0 4 _aTürk edebiyatı, roman
942 _2ddc
_cBK
999 _c10147
_d10147
900 _bCem ÖZOGLU